| 000 | 00860nas a2200325 a 4500 | ||
|---|---|---|---|
| 001 | 000412559 | ||
| 005 | 20250617132836.0 | ||
| 003 | AM-YEHGA | ||
| 008 | 050228c19939999|||br| 0 0bul d | ||
| 022 | _a0861-847X | ||
| 040 | _aAM-YeHGA | ||
| 041 | 0 | _abul | |
| 222 | 0 | _aБиблиотека | |
| 245 | 0 | 0 | _aБиблиотека |
| 260 |
_aSofia : _bBiblioteka, _c1993-. |
||
| 300 |
_av. : _bill. |
||
| 310 | _aSix no. a year | ||
| 321 |
_aMonthly, _b1993-1996 |
||
| 362 | 1 | _a1993- | |
| 515 | _aNone published 1997. | ||
| 515 | _aSome issues combined. | ||
| 650 | 0 | 4 | _aԱմսագիր |
| 650 | 1 | 4 |
_aLibraries _zBulgaria _vPeriodicals |
| 650 | 1 | 4 |
_aLibrary science _vPeriodicals |
| 710 | 2 | _aNarodna biblioteka "Sv. sv. Kiril i Metodi i." | |
| 770 | 0 |
_tNovini _x0861-9298 |
|
| 780 | 0 | 0 | _tBibliotekar |
| 942 |
_2udc _cCR |
||
| 090 | _c158523 | ||
| 999 |
_c157120 _d157120 |
||